[Event "ICS rated blitz match"]
[Site "204.178.125.65"]
[Date "2000.07.21"]
[Round "?"]
[White "Beadle"]
[Black "Hossa"]
[Result "1-0"]
[WhiteElo "2552"]
[BlackElo "2398"]
[PlyCount "105"]
[EventDate "2000.??.??"]

1. d4 c5 2. d5 Nf6 3. Nc3 d6 4. e4 g6 5. Nf3 Bg7 6. Bb5+ Nbd7 7. h3 a6 8. Bxd7+
Nxd7 9. O-O O-O 10. Bf4 f5 11. Re1 fxe4 12. Rxe4 Nb6 13. Bg5 Rf7 14. Nh4 Qf8
15. Be3 Bd7 16. Rb1 Re8 17. Kh1 e6 18. Qd3 Bc8 19. b3 Bxc3 20. dxe6 Rxe6 21.
Rxe6 Bxe6 22. Qxc3 Qe7 23. Nf3 Rxf3 24. gxf3 Qh4 25. Kg1 Qxh3 26. Qf6 Nd7 27.
Qd8+ Kf7 28. Bf4 Qxf3 29. Bxd6 Bh3 30. Qg5 Kg8 31. Re1 Nf6 32. Bxc5 Bd7 33. Qg3
Qf5 34. Bd4 Ne4 35. Qb8+ Kf7 36. Be3 Qg4+ 37. Kf1 Nc3 38. Qxb7 Kg8 39. a4 Bc8
40. Qc6 Qh3+ 41. Kg1 Qg4+ 42. Qg2 Qd7 43. Bc5 Bb7 44. f3 Qd8 45. Qg4 Bd5 46.
Qd4 Qg5+ 47. Kf1 Be6 48. Rxe6 Qc1+ 49. Re1 h5 50. Rxc1 Nb5 51. Qf6 Kh7 52. Bf8
g5 53. Qg7# {Hossa checkmated} 1-0

[Event "ICS rated blitz match"]
[Site "204.178.125.65"]
[Date "2000.07.21"]
[Round "?"]
[White "Hossa"]
[Black "kerrigan"]
[Result "1-0"]
[WhiteElo "2389"]
[BlackElo "2486"]
[PlyCount "127"]
[EventDate "2000.??.??"]

1. d4 Nf6 2. c4 e6 3. Nc3 Bb4 4. Qc2 O-O 5. e4 d5 6. e5 Ne4 7. a3 Bxc3+ 8. bxc3
c5 9. Bd3 Nc6 10. Nf3 Qa5 11. O-O Qxc3 12. Bxe4 Qxa1 13. Bxh7+ Kh8 14. Bb2 Qa2
15. Bd3 Na5 16. Nd2 dxc4 17. Nxc4 cxd4 18. Nxa5 Qd5 19. Nb3 Qxe5 20. Bxd4 Qh5
21. Qc7 Rg8 22. Qe7 f6 23. Bc3 e5 24. Na5 Re8 25. Qc7 e4 26. Bc4 e3 27. fxe3
Qg5 28. Bd2 b6 29. Nb3 Bh3 30. Rf2 Rac8 31. Qf7 Bg4 32. Rf4 a5 33. a4 Rf8 34.
Qa7 Rc6 35. Bb5 Re6 36. Qc7 f5 37. Nd4 Ref6 38. Nc6 Re6 39. Qxb6 Qf6 40. Rd4
Rc8 41. Rd8+ Rxd8 42. Qxd8+ Qxd8 43. Nxd8 Re4 44. Nf7+ Kg8 45. Ng5 Re7 46. Bxa5
Rxe3 47. Bc4+ Kh8 48. Bb4 Re8 49. Be6 Ra8 50. a5 Rb8 51. Bc3 Rb1+ 52. Kf2 Rc1
53. Be5 Rc5 54. a6 Ra5 55. Bc4 Ra4 56. Nf7+ Kh7 57. Nd6 Kh8 58. Bd4 Bd1 59. a7
f4 60. Bd5 Kh7 61. a8=Q Rxa8 62. Bxa8 g5 63. Be4+ Kh6 64. Nf7+ {
kerrigan resigns} 1-0

[Event "ICS rated blitz match"]
[Site "204.178.125.65"]
[Date "2000.07.21"]
[Round "?"]
[White "Hossa"]
[Black "PostModernist"]
[Result "1/2-1/2"]
[WhiteElo "2409"]
[BlackElo "2585"]
[PlyCount "268"]
[EventDate "2000.??.??"]

1. d4 Nf6 2. c4 g6 3. Nc3 d5 4. e3 Bg7 5. Nf3 O-O 6. cxd5 Nxd5 7. Ne4 Nc6 8.
Bb5 Ncb4 9. O-O Bf5 10. Ng3 Nc2 11. Nxf5 Nxa1 12. Nxg7 c6 13. Bc4 Nb6 14. Bd3
Qd5 15. e4 Qxa2 16. Bh6 Nb3 17. Bc2 Na5 18. Qc1 Nac4 19. b3 Na3 20. Bd1 Rfd8
21. Qg5 f6 22. Qg4 Rf8 23. Ne6 Rf7 24. Qf4 Nb5 25. Qc1 Qa3 26. Qxa3 Nxa3 27. h4
a5 28. Kh2 Nb5 29. Be2 a4 30. bxa4 Nc3 31. a5 Nc8 32. Bd3 Nd6 33. e5 fxe5 34.
dxe5 Nde4 35. Bc4 Nd5 36. Nd2 Nec3 37. Nc5 Rxa5 38. Nxb7 Ra8 39. Bxd5 cxd5 40.
e6 Rf5 41. Nc5 d4 42. Nd7 Ra6 43. g4 Rb5 44. Nf3 Rb4 45. Nc5 Ra5 46. Nd3 Rba4
47. Kg2 Ra8 48. Ng5 R4a5 49. Nb4 Rc8 50. Nf7 Rc4 51. Nd3 Ra6 52. Nfe5 Rc8 53.
Nf4 Ra5 54. Nf7 Rc6 55. Re1 Ra4 56. Kf1 Ra2 57. h5 gxh5 58. gxh5 Rca6 59. Re5
R6a5 60. Rxa5 Rxa5 61. Bg5 Kf8 62. Kg1 Nd5 63. Nxd5 Rxd5 64. Kf1 Rc5 65. Ke2
Rc6 66. Bh6+ Kg8 67. Ng5 Rc2+ 68. Kf3 Rb2 69. Kg2 Rb5 70. f4 d3 71. Kf2 Rf5 72.
Nf3 Rxh5 73. Bg5 Kf8 74. f5 h6 75. Bf4 Kg7 76. Be5+ Kg8 77. Ke3 Rxf5 78. Bc3 h5
79. Bd4 h4 80. Nxh4 d2 81. Kxd2 Rf4 82. Bc5 Rxh4 83. Bxe7 Re4 84. Kd3 Rxe6 85.
Bc5 Kf7 86. Kd2 Rc6 87. Bd4 Ke6 88. Ke3 Kd5 89. Kd3 Rh6 90. Be3 Rh3 91. Ke2 Ke4
92. Bf2 Rb3 93. Bg1 Rb2+ 94. Ke1 Kf3 95. Bd4 Rg2 96. Bc3 Re2+ 97. Kd1 Ke3 98.
Bb4 Rb2 99. Bc5+ Kd3 100. Ke1 Rb5 101. Bd6 Rd5 102. Bf4 Rf5 103. Bg3 Ke3 104.
Bh2 Rg5 105. Kf1 Kf3 106. Ke1 Rg6 107. Bc7 Rc6 108. Bh2 Ra6 109. Bc7 Ra7 110.
Bd6 Rd7 111. Bh2 Rd4 112. Bg1 Rd8 113. Bc5 Rd7 114. Bb4 Rd5 115. Bc3 Ke3 116.
Bb2 Rd6 117. Bc1+ Kf3 118. Bb2 Rd8 119. Bc1 Rd7 120. Ba3 Rd5 121. Bc1 Rd4 122.
Bb2 Rd3 123. Bc1 Rd8 124. Bb2 Rd6 125. Ba1 Ke3 126. Be5 Rg6 127. Kd1 Rg5 128.
Bh2 Kd3 129. Ke1 Rg2 130. Bf4 Rg4 131. Bh2 Ke3 132. Kf1 Ke4 133. Kf2 Rg6 134.
Bc7 Re6 1/2-1/2

[Event "ICS rated blitz match"]
[Site "204.178.125.65"]
[Date "2000.07.21"]
[Round "?"]
[White "Beadle"]
[Black "Hossa"]
[Result "0-1"]
[WhiteElo "2561"]
[BlackElo "2416"]
[PlyCount "139"]
[EventDate "2000.??.??"]

1. e4 c6 2. d4 d5 3. exd5 cxd5 4. Bd3 Nc6 5. c3 Nf6 6. Bf4 Bg4 7. Qb3 Na5 8.
Qa4+ Nc6 9. h3 Bd7 10. Qc2 Rc8 11. Qe2 e6 12. Nd2 Be7 13. Ngf3 O-O 14. O-O Nh5
15. Qe3 Nxf4 16. Qxf4 Qc7 17. Qxc7 Rxc7 18. Rfe1 Rcc8 19. a4 Bd6 20. a5 a6 21.
Nb3 Ra8 22. Nc5 Bxc5 23. dxc5 g6 24. Nd4 Kg7 25. f4 h5 26. Kf2 Na7 27. Ra2 Rae8
28. Re3 Rg8 29. b4 Rgf8 30. Rae2 Nc6 31. Nf3 f6 32. Kg1 Rf7 33. Kh1 Rfe7 34.
Nh4 g5 35. Ng6 Rf7 36. Rg3 e5 37. fxe5 fxe5 38. Rxg5 Kh6 39. Rgxe5 Nxe5 40.
Rxe5 Rg7 41. Rxe8 Bxe8 42. Nh4 Bd7 43. c6 bxc6 44. Bxa6 Kg5 45. Nf3+ Kf4 46.
Nd4 Kg3 47. Be2 Kf2 48. Bf3 Bg4 49. Bxg4 hxg4 50. Nxc6 Rh7 51. Nd4 gxh3 52. g4
Kg3 53. g5 Rf7 54. Ne2+ Kg4 55. Kg1 h2+ 56. Kxh2 Rf2+ 57. Kg1 Rxe2 58. g6 Kf3
59. Kf1 Re3 60. a6 Rxc3 61. Ke1 Rc7 62. b5 Ke3 63. Kd1 Kd3 64. b6 Rc6 65. a7
Rxb6 66. Ke1 Re6+ 67. Kf2 Re8 68. Kf3 d4 69. g7 Kc2 70. Kf2 {Beadle resigns}
0-1

[Event "ICS rated blitz match"]
[Site "204.178.125.65"]
[Date "2000.07.21"]
[Round "?"]
[White "Hossa"]
[Black "Beadle"]
[Result "0-1"]
[WhiteElo "2438"]
[BlackElo "2539"]
[PlyCount "138"]
[EventDate "2000.??.??"]

1. d4 Nf6 2. c4 e6 3. Nc3 Bb4 4. Qc2 O-O 5. e4 c5 6. dxc5 Bxc3+ 7. bxc3 Qa5 8.
e5 Ng4 9. Bd3 Nxe5 10. Bxh7+ Kh8 11. Bf4 Nbc6 12. Be4 Qxc5 13. Ne2 Nxc4 14. O-O
d5 15. Bd3 e5 16. Bg5 f6 17. Bc1 Bg4 18. Rb1 b6 19. Ng3 e4 20. Bxc4 Qxc4 21.
Ba3 Rf7 22. Rfe1 Ne5 23. h3 Bxh3 24. gxh3 Nf3+ 25. Kg2 Nxe1+ 26. Rxe1 Rc8 27.
Qe2 g5 28. Qd2 Qd3 29. Qxd3 exd3 30. Nf5 Rxc3 31. Bb4 Rc2 32. a3 a5 33. Bd6 d2
34. Rd1 Kh7 35. Ne3 Rc6 36. Nf5 Rd7 37. Bf8 Rc2 38. Bd6 Kg6 39. Ne7+ Kf7 40.
Nf5 Rc1 41. Rxd2 Ke6 42. Rb2 Kxf5 43. Rxb6 d4 44. Ra6 d3 45. Rxa5+ Ke6 46. Bb4
d2 47. Ra6+ Kf5 48. Ra5+ Kg6 49. Bxd2 Rxd2 50. Ra4 Rcc2 51. Kg3 Rxf2 52. Rb4
Rg2+ 53. Kf3 Rh2 54. Rb8 Rxh3+ 55. Ke4 f5+ 56. Kd4 Rd2+ 57. Kc4 Rxa3 58. Rh8 g4
59. Rb8 g3 60. Rg8+ Kf7 61. Rg5 g2 62. Kb4 Ra8 63. Rg3 f4 64. Rg5 f3 65. Rf5+
Kg6 66. Rf4 g1=Q 67. Rf6+ Kxf6 68. Kc4 Rb8 69. Kc3 Qd4# {Hossa checkmated} 0-1

[Event "ICS rated standard match"]
[Site "204.178.125.65"]
[Date "2000.07.21"]
[Round "?"]
[White "Beadle"]
[Black "Hossa"]
[Result "1-0"]
[WhiteElo "2401"]
[BlackElo "2281"]
[PlyCount "185"]
[EventDate "2000.??.??"]

1. e4 c6 2. d4 d5 3. exd5 cxd5 4. c4 Nf6 5. Nc3 Nc6 6. Bg5 Qa5 7. Qd2 dxc4 8.
Bxc4 Bg4 9. Bxf6 gxf6 10. h3 Bd7 11. Nge2 Rg8 12. g3 Nb4 13. a3 Rc8 14. Bb3 Nc6
15. Rc1 e6 16. Qe3 Ne7 17. O-O Nf5 18. Qe4 Qd8 19. d5 Nxg3 20. fxg3 Qb6+ 21.
Kh2 Qxb3 22. dxe6 fxe6 23. Qxh7 Rg7 24. Qh5+ Ke7 25. Rb1 Qc2 26. Qf3 Rf7 27.
Rfc1 Qb3 28. Nd4 Qb6 29. Qe4 Kd8 30. Rd1 Re7 31. Qg6 Bg7 32. Rd2 f5 33. Nce2
Rc4 34. Rbd1 Kc8 35. Qg5 Bf8 36. Nf4 Re8 37. Qh5 Bd6 38. Ndxe6 Bc6 39. Qxf5 Bd7
40. Rxd6 Qf2+ 41. Kh1 Qf3+ 42. Kg1 Qxg3+ 43. Ng2 Rg8 44. Qd5 Rc2 45. Nef4 Rxg2+
46. Qxg2 Qe3+ 47. Kh1 Rxg2 48. Nxg2 Qxh3+ 49. Kg1 Bc6 50. R6d2 b5 51. Rc1 Kb7
52. Rc3 Qg4 53. Kf1 Qg5 54. Ne3 b4 55. axb4 Bb5+ 56. Kf2 Qh4+ 57. Kf3 Bc6+ 58.
Ke2 Qh2+ 59. Kd1 Qg1+ 60. Kc2 Qg6+ 61. Kb3 Qg8+ 62. Ka3 Qe6 63. Nc4 Bb5 64. b3
Kc7 65. Rdd3 Kb8 66. Rd8+ Kc7 67. Rf8 Qe1 68. Kb2 Kd7 69. Rf7+ Ke6 70. Rff3
Qe2+ 71. Ka3 Qh2 72. Rce3+ Kd7 73. Rf7+ Kc8 74. Ree7 Kd8 75. Na5 Qh6 76. Rc7
Qe6 77. Rxa7 Qxf7 78. Rxf7 Ke8 79. Rc7 Be2 80. Nb7 Kf8 81. Nd6 Bd3 82. Ka4 Be2
83. b5 Bf3 84. b6 Bd5 85. b7 Bxb7 86. Rxb7 Kg8 87. Rf7 Kh8 88. b4 Kg8 89. b5
Kh8 90. b6 Kg8 91. Kb4 Kh8 92. b7 Kg8 93. b8=Q# {Hossa checkmated} 1-0

[Event "ICS rated bullet match"]
[Site "204.178.125.65"]
[Date "2000.07.21"]
[Round "?"]
[White "JSBach"]
[Black "Hossa"]
[Result "0-1"]
[WhiteElo "2120"]
[BlackElo "2500"]
[PlyCount "94"]
[EventDate "2000.??.??"]

1. e4 c6 2. Nf3 d5 3. Bd3 dxe4 4. Bxe4 Nf6 5. Bd3 e6 6. O-O Bd6 7. Nc3 O-O 8.
h4 b5 9. a4 b4 10. Na2 c5 11. Re1 Bb7 12. Bc4 Nbd7 13. d3 Nb6 14. Bb3 Qc7 15.
Be3 Ng4 16. Bg5 h6 17. Bd2 c4 18. dxc4 Bc5 19. Bxb4 Bxf3 20. Qxf3 Bxf2+ 21.
Qxf2 Qh2+ 22. Kf1 Nxf2 23. Bxf8 Rxf8 24. Kxf2 Qf4+ 25. Ke2 Rd8 26. Red1 Qg4+
27. Ke1 Qxh4+ 28. Ke2 Qh5+ 29. Ke1 Qh1+ 30. Ke2 Qxg2+ 31. Ke3 Qg5+ 32. Kf2 Qf4+
33. Ke1 Qe3+ 34. Kf1 Qf3+ 35. Ke1 Nd7 36. Nc3 Qg2 37. Ne2 f5 38. c5 Qh1+ 39.
Kf2 Qh4+ 40. Ng3 Nxc5 41. Kg2 Rf8 42. Ba2 f4 43. Nh1 f3+ 44. Kg1 Qg5+ 45. Kf2
Ne4+ 46. Kf1 Qg2+ 47. Ke1 Qxh1# {JSBach checkmated} 0-1

[Event "ICS rated bullet match"]
[Site "204.178.125.65"]
[Date "2000.07.21"]
[Round "?"]
[White "Hossa"]
[Black "JSBach"]
[Result "1-0"]
[WhiteElo "2503"]
[BlackElo "2117"]
[PlyCount "53"]
[EventDate "2000.??.??"]

1. e4 e5 2. f4 exf4 3. Nf3 Nf6 4. e5 Ng4 5. h3 Nh6 6. d4 g5 7. Bd3 f6 8. exf6
Qxf6 9. Qe2+ Be7 10. Nc3 Qe6 11. Ne4 Nc6 12. d5 Qg6 13. Nexg5 Qg7 14. dxc6 dxc6
15. Bxf4 Qxb2 16. Be5 Qxa1+ 17. Bxa1 Rf8 18. Nxh7 Rf7 19. Bg6 Bf5 20. Bxf7+
Nxf7 21. Bf6 O-O-O 22. Qxe7 Bxc2 23. Qxf7 c5 24. Bxd8 Kxd8 25. Nf6 Ba4 26. Qf8+
Be8 27. Qxe8# 1-0

[Event "ICS rated blitz match"]
[Site "204.178.125.65"]
[Date "2000.07.21"]
[Round "?"]
[White "Kurios"]
[Black "Hossa"]
[Result "1-0"]
[WhiteElo "2697"]
[BlackElo "2427"]
[PlyCount "112"]
[EventDate "2000.??.??"]

1. e4 c6 2. d4 d5 3. Nc3 dxe4 4. Nxe4 Bf5 5. Ng3 Bg6 6. Nf3 Nd7 7. Bd3 e6 8.
O-O Ngf6 9. Re1 Bd6 10. Ne5 Bxd3 11. Qxd3 O-O 12. Bg5 Qc7 13. Nxd7 Nxd7 14.
Rad1 Rfe8 15. c4 Rac8 16. c5 Bxg3 17. fxg3 b6 18. Bf4 Qb7 19. cxb6 axb6 20. g4
Ra8 21. a3 Nf6 22. g5 Nd5 23. Qf3 Nxf4 24. Qxf4 Red8 25. Re4 Ra5 26. Qe3 Rad5
27. Rc1 Qd7 28. Qf4 Rb5 29. Rc2 Rf5 30. Qe3 Rd5 31. Rc1 b5 32. Rc2 Rxd4 33.
Qxd4 Qxd4+ 34. Rxd4 Rxd4 35. Rxc6 Kf8 36. Rc8+ Ke7 37. Rc7+ Ke8 38. Rc8+ Rd8
39. Rxd8+ Kxd8 40. Kf2 Kc7 41. Ke3 Kb6 42. Kd4 Kc6 43. h3 Kb6 44. h4 Kc6 45. g4
Kd6 46. b3 Kc6 47. h5 g6 48. Kd3 Kb7 49. Kc3 Kc7 50. Kb4 Kc6 51. h6 Kb6 52. Kc3
Kc5 53. a4 b4+ 54. Kd3 Kd5 55. Ke3 Ke5 56. a5 Kd5 {Hossa resigns} 1-0

[Event "ICS rated blitz match"]
[Site "204.178.125.65"]
[Date "2000.07.21"]
[Round "?"]
[White "Hossa"]
[Black "Kurios"]
[Result "0-1"]
[WhiteElo "2421"]
[BlackElo "2703"]
[PlyCount "74"]
[EventDate "2000.??.??"]

1. e4 c5 2. c4 Nc6 3. d3 g6 4. Nf3 Bg7 5. Be2 e6 6. O-O Nge7 7. Nc3 O-O 8. Bg5
Nd4 9. Nxd4 cxd4 10. Nb5 d6 11. Qd2 a6 12. Na3 f5 13. Bh6 Bxh6 14. Qxh6 fxe4
15. dxe4 Rf7 16. Rad1 e5 17. c5 d5 18. f4 dxe4 19. Bc4 Nd5 20. fxe5 Rxf1+ 21.
Kxf1 Be6 22. Rxd4 Qc7 23. Rxe4 Rf8+ 24. Ke1 Qxc5 25. Kd2 Rf2+ 26. Be2 Rxg2 27.
h3 Bf5 28. Qh4 g5 29. Qh6 Qa5+ 30. Kd3 Bxe4+ 31. Kxe4 Rxe2+ 32. Kf3 Re3+ 33.
Kg4 Qb4+ 34. Nc4 Qxc4+ 35. Kf5 Qf4+ 36. Ke6 Qxe5+ 37. Kd7 Qc7# {
Hossa checkmated} 0-1

[Event "ICS rated blitz match"]
[Site "204.178.125.65"]
[Date "2000.07.21"]
[Round "?"]
[White "poodledough"]
[Black "Hossa"]
[Result "1-0"]
[WhiteElo "2810"]
[BlackElo "2416"]
[PlyCount "135"]
[EventDate "2000.??.??"]

1. e4 c5 2. Nf3 Nc6 3. d4 cxd4 4. Nxd4 g6 5. c4 Bg7 6. Be3 Nf6 7. Nc3 O-O 8.
Be2 b6 9. O-O Nxd4 10. Bxd4 d6 11. b3 Bb7 12. f3 e6 13. Rb1 Qe7 14. Qd2 Rfd8
15. Rbd1 Bc6 16. Rfe1 Rab8 17. Bd3 Ba8 18. a3 Rd7 19. Be3 Ne8 20. Bf4 Bd4+ 21.
Kf1 Qh4 22. Bg3 Qe7 23. Bb1 Bg7 24. Nb5 Rbd8 25. Qb4 a6 26. Nd4 Qg5 27. Bf2 Rb8
28. Qa4 Ra7 29. Re2 Qh5 30. Kg1 Be5 31. h3 Qg5 32. Red2 Bf4 33. Rd3 Qe5 34. Ne2
Kf8 35. Nxf4 Qxf4 36. Qb4 a5 37. Qe1 Qe5 38. Bd4 Qg5 39. Qf2 Ra6 40. R3d2 a4
41. b4 Qd8 42. Be5 Kg8 43. Bxd6 Nxd6 44. Rxd6 Qc7 45. Rd7 Qe5 46. b5 Ra5 47.
R7d6 g5 48. Qe3 h6 49. Rxb6 Rc8 50. Rc1 Rd8 51. Kh1 Kf8 52. Qf2 Ke8 53. c5 Qa1
54. c6 Qxa3 55. Qg1 Rc8 56. c7 Qb2 57. Rb8 Bb7 58. b6 a3 59. Qd1 f5 60. Rxb7 a2
61. Rb8 a1=Q 62. Rxc8+ Ke7 63. Re8+ Kf7 64. c8=Q Qxb6 65. Rf8+ Kg6 66. Qe8+ Kh7
67. Qdd7+ Qg7 68. Rh8# {Hossa checkmated} 1-0

[Event "ICS rated bullet match"]
[Site "204.178.125.65"]
[Date "2000.07.21"]
[Round "?"]
[White "Hossa"]
[Black "JSBach"]
[Result "1-0"]
[WhiteElo "2506"]
[BlackElo "2124"]
[PlyCount "55"]
[EventDate "2000.??.??"]

1. e4 e5 2. f4 exf4 3. Nf3 Nc6 4. d4 Nf6 5. Bd3 d5 6. e5 Nh5 7. O-O Be6 8. Ne1
Qh4 9. Be2 f3 10. Nxf3 Qe7 11. Ng5 g6 12. Nxe6 Qxe6 13. Bg4 Qe7 14. Nc3 Rd8 15.
Bxh5 gxh5 16. Qxh5 Nxd4 17. Bg5 Qe6 18. Bxd8 Nxc2 19. Rac1 Qb6+ 20. Rf2 Kxd8
21. Rcxc2 Bc5 22. Qxf7 Bxf2+ 23. Rxf2 d4 24. e6 Qd6 25. Qf6+ Ke8 26. Qxh8+ Ke7
27. Rf7+ Kxe6 28. Qf6# {JSBach checkmated} 1-0

[Event "ICS rated bullet match"]
[Site "204.178.125.65"]
[Date "2000.07.21"]
[Round "?"]
[White "JSBach"]
[Black "Hossa"]
[Result "0-1"]
[WhiteElo "2121"]
[BlackElo "2509"]
[PlyCount "66"]
[EventDate "2000.??.??"]

1. d4 Nf6 2. Nf3 e6 3. Bd2 d5 4. c4 dxc4 5. Qa4+ Bd7 6. Qxc4 b5 7. Qd3 b4 8.
Qc4 Nc6 9. a3 Ne4 10. Bxb4 Nxb4 11. axb4 Qb8 12. Nbd2 Qxb4 13. Rc1 Rc8 14. Qc2
Nxd2 15. Qxd2 Qa4 16. Qd3 Bb5 17. Qd1 Bb4+ 18. Nd2 Qa2 19. b3 e5 20. dxe5 Rd8
21. Rc2 Rxd2 22. Rxd2 O-O 23. e6 Rd8 24. f4 Rxd2 25. Kf2 Rxd1 26. exf7+ Kxf7
27. g4 Bc5+ 28. Kg3 Qxb3+ 29. e3 Qxe3+ 30. Kh4 Qf2+ 31. Kh5 g6+ 32. Kg5 Be7+
33. Kh6 Qh4# {JSBach checkmated} 0-1

[Event "ICS rated bullet match"]
[Site "204.178.125.65"]
[Date "2000.07.21"]
[Round "?"]
[White "Hossa"]
[Black "Kurios"]
[Result "0-1"]
[WhiteElo "2512"]
[BlackElo "2483"]
[PlyCount "92"]
[EventDate "2000.??.??"]

1. e4 c5 2. Nf3 d6 3. d4 cxd4 4. Nxd4 Nf6 5. Nc3 a6 6. Be2 e5 7. Nf3 h6 8. Be3
Be6 9. O-O Be7 10. Nd2 Nbd7 11. Nc4 Qc7 12. Nd5 Bxd5 13. exd5 b5 14. Na3 O-O
15. Qd3 Nc5 16. Qd2 Nce4 17. Qd1 Qb7 18. Bf3 Ng5 19. Bxg5 hxg5 20. Re1 Rac8 21.
Qd3 g4 22. Be4 Nxe4 23. Qxe4 f5 24. Qd3 b4 25. Qb3 Rc5 26. c4 Rb8 27. Nc2 Qc8
28. Nd4 exd4 29. Rxe7 Rxc4 30. Re8+ Qxe8 31. Qxc4 Qe5 32. Rd1 Re8 33. Qxa6 Qxd5
34. Qb6 Qc5 35. Qb7 Re2 36. a3 d3 37. Rf1 d2 38. axb4 Re1 39. Qa8+ Kh7 40. Qa6
Qc1 41. h3 Rxf1+ 42. Kh2 d1=Q 43. Kg3 Qe3+ 44. Kh4 Qh6+ 45. Kg3 f4+ 46. Kh2
Rh1# {Hossa checkmated} 0-1

[Event "ICS rated standard match"]
[Site "204.178.125.65"]
[Date "2000.07.21"]
[Round "?"]
[White "Hossa"]
[Black "KomboMan"]
[Result "1-0"]
[WhiteElo "2270"]
[BlackElo "2272"]
[PlyCount "39"]
[EventDate "2000.??.??"]

1. e4 e6 2. d4 d5 3. e5 c5 4. c3 Nc6 5. Nf3 g6 6. dxc5 Bxc5 7. Bd3 h5 8. O-O a5
9. Bf4 b6 10. Bb5 Bd7 11. c4 dxc4 12. Nc3 Nb4 13. Bxc4 Bc6 14. Qe2 Ne7 15. Ne4
Bxe4 16. Qxe4 Nbd5 17. Bb5+ Kf8 18. Bg5 Qc7 19. Bf6 Nxf6 20. Qxa8+ 1-0

[Event "ICS rated standard match"]
[Site "204.178.125.65"]
[Date "2000.07.21"]
[Round "?"]
[White "Hossa"]
[Black "Sunil"]
[Result "1-0"]
[WhiteElo "2282"]
[BlackElo "1930"]
[PlyCount "39"]
[EventDate "2000.??.??"]

1. e4 e5 2. Nf3 Nf6 3. Nxe5 d6 4. Nf3 Nxe4 5. c4 Be7 6. d4 O-O 7. Bd3 Nf6 8.
O-O Bg4 9. h3 Bh5 10. Nc3 Nc6 11. Be2 Bg6 12. Nh4 d5 13. Nxg6 hxg6 14. cxd5
Nxd5 15. Bf3 Ncb4 16. Qb3 Nxc3 17. bxc3 Nd3 18. Qxb7 Qd6 19. Qb5 Nxc1 20. Bxa8
{nun ist alles klar} 1-0

[Event "ICS Rated standard match"]
[Site "204.178.125.65"]
[Date "2000.07.21"]
[Round "?"]
[White "Mungo"]
[Black "Hossa"]
[Result "1-0"]
[WhiteElo "2583"]
[BlackElo "2286"]
[PlyCount "151"]
[EventDate "2000.??.??"]

1. e4 e5 2. Nf3 Nc6 3. d4 exd4 4. Nxd4 Bc5 5. Nb3 Bb6 6. Nc3 d6 7. a4 a6 8. Nd5
Ba7 9. Be2 Nf6 10. O-O Nxe4 11. Bf3 Nxf2 12. Rxf2 Bxf2+ 13. Kxf2 O-O 14. Bf4
Ne5 15. Kg1 Be6 16. Bxe5 dxe5 17. Nc5 c6 18. Nxe6 fxe6 19. Ne3 Qb6 20. Qe1 Rf4
21. Qc3 e4 22. Be2 Raf8 23. Rd1 Qc7 24. g3 Rf2 25. Bg4 Qf7 26. Qc4 Rf6 27. Qxe4
c5 28. Qe5 b6 29. Bh5 g6 30. Be2 h5 31. Rd6 b5 32. axb5 axb5 33. Bxb5 Ra8 34.
b3 Qg7 35. Rxe6 Rxe6 36. Qxe6+ Kh7 37. Kg2 Ra1 38. Nd5 Rd1 39. Nf6+ Kh6 40.
Qe3+ g5 41. Qf3 Rd2+ 42. Kg1 Qg6 43. Be8 Rd1+ 44. Qxd1 Qxf6 45. Qxh5+ Kg7 46.
Qg4 Qe5 47. Qd7+ Kg8 48. Bg6 Qe3+ 49. Kg2 Qe2+ 50. Kh3 Qf1+ 51. Kg4 Qe2+ 52.
Kxg5 Qe3+ 53. Kf5 Qf3+ 54. Ke5 Qc3+ 55. Kd5 Qd4+ 56. Kc6 Qf6+ 57. Qd6 Qf1 58.
Qe6+ Kg7 59. Qf7+ Qxf7 60. Bxf7 Kxf7 61. Kxc5 Ke7 62. b4 Kd7 63. b5 Kc7 64. b6+
Kd7 65. c4 Ke6 66. b7 Ke5 67. b8=Q+ Kf5 68. Kd5 Kg4 69. Qf4+ Kh3 70. c5 Kxh2
71. g4+ Kg1 72. c6 Kh1 73. c7 Kg2 74. c8=Q Kg1 75. Qg3+ Kh1 76. Qc1# {
Hossa checkmated} 1-0

[Event "ICS Rated standard match"]
[Site "204.178.125.65"]
[Date "2000.07.21"]
[Round "?"]
[White "PostModernist"]
[Black "Hossa"]
[Result "1-0"]
[WhiteElo "2418"]
[BlackElo "2281"]
[PlyCount "145"]
[EventDate "2000.??.??"]

1. d4 Nf6 2. c4 e6 3. Nf3 b6 4. g3 Ba6 5. Nbd2 Bb7 6. Bg2 Be7 7. O-O O-O 8. a3
c5 9. dxc5 bxc5 10. b3 d6 11. Bb2 Ne4 12. Qc2 Nxd2 13. Qxd2 Nd7 14. Qd3 f5 15.
Qe3 Rf7 16. Rfd1 Be4 17. Bc3 Rb8 18. b4 Rc8 19. b5 Qc7 20. Ne1 Bxg2 21. Nxg2
Bf6 22. Rac1 Bxc3 23. Rxc3 Re7 24. Nf4 Ne5 25. Nd3 Ng4 26. Qf4 Nf6 27. a4 Ne4
28. Ra3 Rf7 29. f3 Nf6 30. Nb2 Rd8 31. a5 Re7 32. Nd3 Nd7 33. e4 Rf8 34. Qe3
Ree8 35. Nb2 fxe4 36. Qxe4 Ne5 37. a6 Qd8 38. Re3 Nf7 39. Na4 d5 40. Qd3 d4 41.
Re2 Qd6 42. f4 Re7 43. Qf3 Nd8 44. Rd3 g5 45. Qg4 Rg7 46. fxg5 Rf5 47. h4 Qf8
48. Qe4 Rgf7 49. Kh2 Rf2+ 50. Kh3 Rxe2 51. Qxe2 Qe7 52. Qe4 e5 53. Kg2 Qd6 54.
Rf3 Rxf3 55. Qxf3 d3 56. Qd5+ Qxd5+ 57. cxd5 d2 58. Nc3 Nf7 59. b6 axb6 60. a7
Kg7 61. a8=Q c4 62. Qb7 b5 63. d6 e4 64. d7 Kf8 65. Qc8+ Kg7 66. h5 d1=Q 67.
Nxd1 h6 68. gxh6+ Kf6 69. h7 Ke7 70. h8=Q e3 71. d8=Q+ Nxd8 72. Qhxd8+ Kf7 73.
Qf8# 1-0

[Event "ICS rated blitz match"]
[Site "204.178.125.65"]
[Date "2000.07.21"]
[Round "?"]
[White "Hossa"]
[Black "PostModernist"]
[Result "0-1"]
[WhiteElo "2410"]
[BlackElo "2583"]
[PlyCount "140"]
[EventDate "2000.??.??"]

1. e4 g6 2. Nf3 d6 3. d4 Bg7 4. Be2 Nf6 5. Nc3 O-O 6. O-O c6 7. e5 dxe5 8. dxe5
Ng4 9. Qxd8 Rxd8 10. Bf4 Nd7 11. e6 fxe6 12. Ng5 Bxc3 13. Bxg4 e5 14. Bc1 Bd4
15. Be6+ Kg7 16. c3 Bb6 17. Nf7 Re8 18. Bh6+ Kf6 19. Ng5 Nc5 20. Bc4 Rh8 21.
Nf7 Re8 22. Rfe1 Be6 23. Nxe5 Bxc4 24. Nxc4 Nd3 25. Re2 Bc7 26. Re3 Rad8 27.
Rd1 Nf4 28. Rde1 g5 29. g3 Nd5 30. Re6+ Kf7 31. Bxg5 b5 32. Nd2 Rd6 33. R6e4
Rg6 34. h4 h6 35. Be3 Nf6 36. h5 Nxh5 37. Bxa7 Nf4 38. Bc5 e5 39. Nb3 Nd3 40.
R1e2 Rd8 41. R4e3 h5 42. Rf3+ Rf6 43. Rxf6+ Kxf6 44. Rd2 e4 45. Bd4+ Kf5 46.
Kh1 Ra8 47. a3 Rd8 48. Be3 Be5 49. Nc5 Bf6 50. Nb7 Rd7 51. Na5 c5 52. Nc6 h4
53. gxh4 Bxh4 54. Bxc5 Nxc5 55. Rxd7 Nxd7 56. Nd4+ Kf4 57. Kg2 Ne5 58. Nxb5 Nd3
59. b4 Bxf2 60. Kh2 Bb6 61. c4 e3 62. Nc3 Kf3 63. c5 Bc7+ 64. Kg1 Be5 65. Nb1
e2 66. Nd2+ Kg4 67. Kg2 e1=Q 68. Ne4 Nf4+ 69. Kh2 Ne2+ 70. Ng3 Qg1# 0-1

[Event "ICS Rated standard match"]
[Site "204.178.125.65"]
[Date "2000.07.21"]
[Round "?"]
[White "nica"]
[Black "Hossa"]
[Result "0-1"]
[WhiteElo "2027"]
[BlackElo "2271"]
[PlyCount "66"]
[EventDate "2000.??.??"]

1. e4 c5 2. Nf3 Nc6 3. d4 cxd4 4. Nxd4 g6 5. Nc3 Bg7 6. Be3 Nf6 7. f3 O-O 8.
Qd2 d6 9. g4 Nd7 10. h4 Nde5 11. Be2 Na5 12. O-O-O Nac4 13. Bxc4 Nxc4 14. Qe2
Nxe3 15. Qxe3 Qb6 16. Qd2 Be6 17. Nd5 Bxd5 18. exd5 e5 19. Nb3 a5 20. Kb1 a4
21. Nc1 e4 22. c3 Rfc8 23. Ka1 a3 24. Ne2 exf3 25. Nd4 axb2+ 26. Qxb2 Qa5 27.
Rd3 Rc4 28. Nb3 Qxc3 29. Qxc3 Rxc3 30. Rxc3 Bxc3+ 31. Kb1 Ra4 32. g5 f2 33. Rc1
Be1 0-1

[Event "ICS rated blitz match"]
[Site "204.178.125.65"]
[Date "2000.07.21"]
[Round "?"]
[White "Tinker"]
[Black "Hossa"]
[Result "1-0"]
[WhiteElo "2553"]
[BlackElo "2401"]
[PlyCount "121"]
[EventDate "2000.??.??"]

1. e4 g6 2. Nc3 c6 3. d4 d5 4. e5 Bg7 5. Nf3 Nd7 6. e6 fxe6 7. Bf4 Ngf6 8. Qd2
O-O 9. Ng5 Nb8 10. O-O-O c5 11. dxc5 Ng4 12. h3 Bxc3 13. bxc3 Nf6 14. c4 h6 15.
Qd3 Qe8 16. Nf3 g5 17. Be3 a5 18. h4 Qh5 19. Be2 g4 20. Nh2 Nc6 21. f4 Nb4 22.
Qb3 Qf5 23. a3 Nc6 24. cxd5 exd5 25. Bd3 a4 26. Qa2 Qh5 27. Nf1 Qf7 28. Ng3 e6
29. h5 Qc7 30. Ne2 Ne4 31. Bxe4 dxe4 32. Qb2 Ra6 33. Rd6 Nb8 34. Rh4 Kf7 35.
Rxg4 Rg8 36. Rxg8 Kxg8 37. Qf6 Rxd6 38. cxd6 Qg7 39. Qxg7+ Kxg7 40. Nc3 Bd7 41.
Kd2 Bc6 42. Bd4+ Kf8 43. Ke3 Nd7 44. Nxe4 Ke8 45. g4 b5 46. g5 hxg5 47. Nxg5
Nf8 48. Bg7 Bd5 49. h6 Ng6 50. h7 b4 51. axb4 a3 52. d7+ Kxd7 53. Nf7 Be4 54.
Kxe4 Kc7 55. Ne5 Nf8 56. Bxf8 a2 57. h8=Q a1=N 58. Qg7+ Kb8 59. Nc6+ Kc8 60.
Bd6 Nxc2 61. Qc7# 1-0